| 000 | 01002pam a2200301 i 4500 | ||
|---|---|---|---|
| 999 |
_c3590 _d3590 |
||
| 001 | 1302946 | ||
| 003 | OSt | ||
| 005 | 20170728101500.0 | ||
| 008 | 770413s1977 caua b 001 0 eng | ||
| 010 | _a 77006824 | ||
| 020 |
_a0716705672. _a0716700298 |
||
| 040 |
_aDLC _cDLC _dDLC |
||
| 050 | 0 | 0 |
_aHB871 _b.E35 1977 |
| 082 | 0 | 0 | _a301.32 |
| 100 | 1 |
_aEhrlich, Paul R. _93627 |
|
| 245 | 1 | 0 |
_aPopulation, resources, environment / _cPaul R. Ehrlich, Anne H. Ehrlich |
| 260 |
_aSan Francisco : _bW. H. Freeman, _cc1977. |
||
| 300 |
_axv, 383 p. : _bill. ; _c25 cm. |
||
| 500 | _aFirst-2d ed. published under title: Population, resources, environment. | ||
| 504 | _aIncludes bibliographical references and indexes. | ||
| 650 | 0 |
_aPopulation. _93628 |
|
| 650 | 0 |
_aPollution. _92629 |
|
| 650 | 0 |
_aHuman ecology. _93629 |
|
| 700 | 1 |
_aEhrlich, Anne H., _ejoint author. _93630 |
|
| 700 | 1 |
_aHoldren, John P., _ejoint author. _93631 |
|
| 906 |
_a7 _bcbc _corignew _d1 _eocip _f19 _gy-gencatlg |
||
| 942 |
_2ddc _cBK |
||